| 000 | 01074nam a22002417a 4500 | ||
|---|---|---|---|
| 999 |
_c65480 _d65480 |
||
| 005 | 20240530110827.0 | ||
| 008 | 190805s2018 ua a g b 000 0 ara d | ||
| 017 |
_a2018/15539 _bمصر . دار الكتب المصرية |
||
| 020 | _a9789779119212 | ||
| 040 | _aEG-CaGPL | ||
| 082 | 0 | 4 |
_221 _a728.82 _bق/ع ع |
| 100 | 0 | _aعبير احمد خيرى | |
| 245 | 1 | 2 |
_aالعمارة الداخلية لقاعات العرش فى القصور الملكية المصرية : _c1805 - 1952 م / _bعبير احمد خيرى |
| 250 | _aط.1 | ||
| 260 |
_aالقاهرة : _bالهيئة المصرية العامة للكتاب، _c2018 |
||
| 300 |
_a404 ص. : _bايض. ؛ _c27 سم. |
||
| 504 | _aيشتمل على ارجاعات ببليوجرافية | ||
| 650 | 0 | 7 |
_aالقصور الملكية _xعمارة _zمصر |
| 650 | 0 | 7 |
_aالعمارة الداخلية _zمصر _yعصر محمد على |
| 650 | 0 | 7 |
_aالقصور الملكية _xعمارة _zمصر _yالقرن التاسع عشر |
| 942 |
_2ddc _cBK |
||